Discovering the world of the ancient Greeks.

Bibliographic Details
Corporate Author: Quantum Books
Other Authors: Archibald, Zosia H., 1954-
Format: Book
Language:English
Published: London : Quantum Books, 1996
Subjects:
LEADER 00885nam a2200241 a 4500
001 GR-Patra9192
008 991022s1996 enk 000 b eng d
020 |a 186160050X 
040 |a GrPaTEI  |b gre  |c GR-PaULI 
245 0 0 |a Discovering the world of the ancient Greeks. 
260 |a London :  |b Quantum Books,  |c 1996 
300 |a 192σ. :  |b εικ. 
650 0 |a ANCIENT GREECE 
650 0 |a HISTORY 
650 4 |a ΑΡΧΑΙΑ ΕΛΛΑΔΑ  |x Ιστορία 
650 4 |a ΙΣΤΟΡΙΑ 
653 |a ΕΛΛΑΣ - ΙΣΤΟΡΙΑ, ΑΡΧΑΙΑ 
700 1 |a Archibald, Zosia H.,  |d 1954- 
710 0 |a Quantum Books 
942 |2 ddc 
952 |0 0  |1 0  |2 ddc  |4 0  |6 938_100000000000000_ARC  |7 0  |9 290078  |a LISK  |b LISK  |c BSC  |d 2021-01-17  |e 24  |f 1  |g 0.00  |l 0  |o 938.1 ARC  |p 92410012644  |r 2021-01-17 00:00:00  |t 1  |w 2021-01-17  |y BK15  |x 19991024 0 1  |x GrPaTEI 
971 |a .b26567076  |b 15-04-20  |c 23-09-16 
999 |c 169312  |d 169312